<?xml version="1.0" encoding="UTF-8"?>
<collection xmlns="http://www.loc.gov/MARC21/slim">
 <record>
  <leader>03291nab a2200301 i 4500</leader>
  <controlfield tag="001">acta80365</controlfield>
  <controlfield tag="005">20230826103953.0</controlfield>
  <controlfield tag="008">230803s1990    hu      o     0||   hun d</controlfield>
  <datafield tag="022" ind1=" " ind2=" ">
   <subfield code="a">0422-9576</subfield>
  </datafield>
  <datafield tag="040" ind1=" " ind2=" ">
   <subfield code="a">SZTE Egyetemi Kiadványok Repozitórium</subfield>
   <subfield code="b">hun</subfield>
  </datafield>
  <datafield tag="041" ind1=" " ind2=" ">
   <subfield code="a">hun</subfield>
  </datafield>
  <datafield tag="041" ind1=" " ind2=" ">
   <subfield code="a">eng</subfield>
  </datafield>
  <datafield tag="041" ind1=" " ind2=" ">
   <subfield code="a">ger</subfield>
  </datafield>
  <datafield tag="041" ind1=" " ind2=" ">
   <subfield code="a">rus</subfield>
  </datafield>
  <datafield tag="100" ind1="1" ind2=" ">
   <subfield code="a">Mohos Ferenc</subfield>
  </datafield>
  <datafield tag="245" ind1="1" ind2="2">
   <subfield code="a">A fotoakusztikus spektroszkópia (PÁS) alkalmazási lehetősége az élelmiszeripari nyers- és adalékanyagok minősítésében</subfield>
   <subfield code="h">[elektronikus dokumentum] /</subfield>
   <subfield code="c"> Mohos Ferenc</subfield>
  </datafield>
  <datafield tag="260" ind1=" " ind2=" ">
   <subfield code="a">Amicus Kiadó</subfield>
   <subfield code="b">Budapest</subfield>
   <subfield code="c">1990</subfield>
  </datafield>
  <datafield tag="300" ind1=" " ind2=" ">
   <subfield code="a">194-208</subfield>
  </datafield>
  <datafield tag="490" ind1="0" ind2=" ">
   <subfield code="a">Élelmiszervizsgálati közlemények</subfield>
   <subfield code="v">36 No. 4</subfield>
  </datafield>
  <datafield tag="520" ind1="3" ind2=" ">
   <subfield code="a">A fotoakusztikus spektroszkópia a 70-es években fejlődött ki és különösen olyan területeken terjedt el, ahol a minta felületétől távolabbi rétegekből is szükség van az anyagszerkezetre utaló információra. Ilyen terület pl. a növényi hisztológia, de kézenfekvő alkalmazási területnek látszik az élelmiszertudomány is. A BME Atomfizikai Tanszékén a KÉKI-vel közösen kifejlesztett fotoakusztikus spektroszkóppal végzett mérésekről, Rodamin—B, különböző vizes higítású tejoldatok, burgonya- és búzakeményítő PA-spektrumának vizsgálatáról számol be a közlemény. Photoacoustic spectroscopy has been developed in the seventies and was spread in fields which need information concerning material structure of layers further from sample surface, too. Plant histology is one of them, and food science also seems to be a possible field. The article reports on measurements performed with a photoacoustic spectroscope developed in the Department of Nuclear Physics of Technical University of Budapest in cooperation with Central Food Research Institute. The PAS spectra of the following substances were investigated: Rhodamin В, aqueous milk solutions in different dilutions, potato and wheat starch. Die photoakustische Spektroskopie wurde in den 70 er Jahren entwickelt und wird insbesondere auf solchen Gebieten angewandt, wo Informationen über die Materialstuktur nicht nur von der Oberfläche der Probe, sondern auch von tieferen Schichten benötigt werden. Ein solches Gebiet ist z.B. die pflanzliche Hystologie, aber auch die Lebensmittelwissenschaft kann als ein geegnetes Anwendungsgebiet angesehen werden. Im vorliegenden Artikel werden über die mit dem am Lehrstuhl für Atomphysik der Technischen Universität Budapest gemeinsam mit dem Zentralinstitut für Lebensmittelforschung entwickelten photoakustischen Spektroskop durchgeführten Messungen und über die Untersuchungen des PA-Spektrums von Rodamin—B, verschiedener wäßriger Verdünnungen von Milchlösungen sowie Kartoffeln und Weizenstärke berichtet.</subfield>
  </datafield>
  <datafield tag="650" ind1=" " ind2="4">
   <subfield code="a">Műszaki és technológiai tudományok</subfield>
  </datafield>
  <datafield tag="650" ind1=" " ind2="4">
   <subfield code="a">Egyéb műszaki tudományok és technológiák</subfield>
  </datafield>
  <datafield tag="650" ind1=" " ind2="4">
   <subfield code="a">Élelmiszer és italfélék</subfield>
  </datafield>
  <datafield tag="695" ind1=" " ind2=" ">
   <subfield code="a">Spektroszkópia - fotoakusztikus, Élelmiszervizsgálat - módszer, Élelmiszerkémia - módszer, Élelmiszertudomány - kutatás</subfield>
  </datafield>
  <datafield tag="700" ind1="0" ind2="1">
   <subfield code="a">Kocsányi László</subfield>
   <subfield code="e">aut</subfield>
  </datafield>
  <datafield tag="700" ind1="0" ind2="1">
   <subfield code="a">Váradi Mária</subfield>
   <subfield code="e">aut</subfield>
  </datafield>
  <datafield tag="700" ind1="0" ind2="1">
   <subfield code="a">Biacs Péter</subfield>
   <subfield code="e">aut</subfield>
  </datafield>
  <datafield tag="856" ind1="4" ind2="0">
   <subfield code="u">http://acta.bibl.u-szeged.hu/80365/1/elelmiszervizsgalati_kozlemenyek_1990_04_194-208.pdf</subfield>
   <subfield code="z">Dokumentum-elérés </subfield>
  </datafield>
 </record>
</collection>
